| 000 | 00559 a2200205 4500 | ||
|---|---|---|---|
| 005 | 20260129104934.0 | ||
| 008 | 260128b |||||||| |||| 00| 0 eng d | ||
| 020 |
_a9781760875534 _c£ 31.99 |
||
| 040 | _aMAIN | ||
| 082 |
_a519.50285 _bP117S(7) |
||
| 100 | _aPallant, Julie | ||
| 245 | _aSPSS survival manual: A step by step guide to data analysis using IBM SPSS | ||
| 250 | _a7th | ||
| 260 |
_bRoutledge _c2020 _aNew York |
||
| 300 | _axvi, 361 | ||
| 650 | _aStatistics | ||
| 650 | _aComputer Applications | ||
| 650 | _aSPSS Manuals | ||
| 942 | _cBK | ||
| 999 |
_c395419 _d395419 |
||